000 00629nam a22001937a 4500
005 20251208163841.0
010 _aENG-147268
020 _c599.00
_a9789393734907
035 _aEN-130800
037 _bDBAD
082 _a303.4833
_21
100 _aGaur, Ashutosh
_985926
245 _aAn Interim Evalution of the Performance of Make in India Program in Information Technology Hardware/
_cAshutosh Gaur
250 _a1
260 _aKolkata
_bExceller Books
_c2023
270 _aG1 Dream Apartment, Degree College Road
_b Belgharia,Kolkata
300 _a262p.
_c23cm(pb)
942 _2ddc
_cEN
_mGAU
_h303.4833
999 _c213886
_d213886